Kursus Kemahiran Komunikasi

Bibliographic Details
Format: Book
Published: Bangi : Institut Penilaian Negara , 2005
Subjects:

MARC

LEADER 00000cam a2200000 7i4500
001 0000015679
005 20050927.0
040 |a INS 
090 0 0 |a KOM3 
245 1 0 |a Kursus Kemahiran Komunikasi   |c Program Pengurusan Dan Komputer 
260 |a Bangi :   |b Institut Penilaian Negara ,   |c 2005 
300 |a Muka Surat Pelbagai ;   |c 30cm. 
650 0 0 |a Communication in organization 
650 0 0 |a Communication skill   |x Study and teaching 
999 |a KOM0000003   |b BOOK   |c Course Notes   |e Default branch 
999 |a KOM0000004   |b BOOK   |c Course Notes   |e Default branch